000
00260nam a2200109Ia 4500
008
220120s9999||||xx |||||||||||||| ||und||
082
_a
005.1 PON
100
_a
Pontamekar
_9
11432
245
0
_a
Data structures with C
260
_b
New Delhi
300
_a
612p.
_b
0
999
_c
136360
_d
136360